000 00833nam a2200205Ia 4500
003 OSt
005 20241029091015.0
007 ca aa aaaaa
008 201103s9999 xx 000 0 und d
040 _cSSBUL
041 _abur
082 _223
_a၂၉၄.၃၄၄၃ မ
_b၉၂၃၇ S-SAT
100 0 _aမဟာစည်ဆရာတော်။
_98712
245 1 0 _aကမ္ဘာ့သာသနာပြုတရားတော် /
_cမဟာစည်ဆရာတော်။
260 _aရန်ကုန် ၊
_bဗုဒ္ဓသာသနာနုဂ္ဂဟအဖွဲ့ချုပ်၊
_c၁၉၇၉။
300 _aစ၊ ၆၃ စာမျက်နှာ ၊
_c၂၂ စင်တီ။
500 _aS-SAT: Dr. Sai Aung Tun
650 _aဗုဒ္ဓတရားတော်
942 _2ddc
_cBK1
999 _c16761
_d16761